|
|
|
|
| LEADER |
01348nam a2200277 a 4500 |
| 001 |
15053489 |
| 008 |
101021r20092008enka b 001 0 eng d |
| 010 |
|
|
|a 2007043784
|
| 020 |
|
|
|a 9780826493408 (pbk.)
|
| 020 |
|
|
|a 0826493408 (pbk.)
|
| 040 |
|
|
|a DLC
|c DLC
|d YDXCP
|d BAKER
|d BTCTA
|d BWKUK
|d BWK
|d BWX
|d CDX
|d DLC
|d BD-DhAAL
|
| 082 |
0 |
0 |
|a 372.1102
|2 22
|
| 100 |
1 |
|
|a Pollard, Andrew.
|
| 245 |
1 |
0 |
|a Reflective teaching :
|b evidence-informed professional practice /
|c Andrew Pollard with Julie Anderson ... [et al.].
|
| 250 |
|
|
|a 3rd ed.
|
| 260 |
|
|
|a London ;
|a New York :
|b Continuum International Pub. Group,
|c c2008 [reprinted 2009].
|
| 300 |
|
|
|a xvi, 590 p. :
|b ill. ;
|c 25 cm.
|
| 504 |
|
|
|a Includes bibliographical references (p. [551]-578) and index.
|
| 541 |
1 |
|
|e 00021419
|
| 650 |
|
0 |
|a Elementary school teaching.
|
| 650 |
|
0 |
|a Teachers
|x Self-rating of.
|
| 700 |
1 |
|
|a Anderson, Julie.
|
| 852 |
4 |
|
|a Ayesha Abed Library
|j General Shelf.
|
| 999 |
|
|
|c 9848
|d 9848
|
| 952 |
|
|
|0 0
|1 0
|2 ddc
|4 0
|6 372_110200000000000_POL_2009
|7 0
|9 12624
|a BRACUL
|b BRACUL
|c GEN
|d 2010-10-21
|e TRIM EDUCATION
|g 4150.00
|l 2
|o 372.1102 POL
|p 3010021419
|r 2023-02-12
|s 2023-02-06
|t 1
|w 2010-10-21
|y BK
|
| 952 |
|
|
|0 0
|1 0
|2 ddc
|4 0
|6 372_110200000000000_POL_2009
|7 0
|9 12625
|a BRACUL
|b BRACUL
|c GEN
|d 2010-10-21
|e TRIM EDUCATION
|g 4150.00
|l 1
|m 1
|o 372.1102 POL
|p 3010021420
|r 2014-02-13
|s 2013-06-26
|t 2
|w 2010-10-21
|y BK
|